[Event "HSG Open 2018"]
[Site "Hilversum"]
[Date "2018.06.24"]
[Round "6.10"]
[White "Hilwerda, Jonas"]
[Black "Voege, Tobias"]
[Result "0-1"]
[BlackElo "2301"]
[WhiteElo "2127"]
[LiveChessVersion "1.4.8"]

1. d4 {[%clk 1:48:41]} e6 {[%clk 1:49:28]} 2. e4 {[%clk 1:46:55]} d5
{[%clk 1:49:33]} 3. Nd2 {[%clk 1:46:19]} Nf6 {[%clk 1:49:37]} 4. e5
{[%clk 1:46:06]} Nfd7 {[%clk 1:49:41]} 5. Bd3 {[%clk 1:46:05]} c5
{[%clk 1:49:47]} 6. c3 {[%clk 1:46:09]} Nc6 {[%clk 1:49:54]} 7. Ne2
{[%clk 1:46:12]} cxd4 {[%clk 1:50:00]} 8. cxd4 {[%clk 1:46:18]} f6
{[%clk 1:50:05]} 9. Nf4 {[%clk 1:45:47]} Nxd4 {[%clk 1:50:09]} 10. Qh5+
{[%clk 1:45:20]} Ke7 {[%clk 1:49:42]} 11. Ng6+ {[%clk 1:43:25]} hxg6
{[%clk 1:49:45]} 12. exf6+ {[%clk 1:43:24]} Nxf6 {[%clk 1:48:08]} 13. Qxh8
{[%clk 1:43:28]} Kf7 {[%clk 1:46:56]} 14. O-O {[%clk 1:42:53]} e5
{[%clk 1:46:48]} 15. Nb3 {[%clk 1:42:43]} Nxb3 {[%clk 1:46:07]} 16. axb3
{[%clk 1:42:51]} Bf5 {[%clk 1:46:08]} 17. Bxf5 {[%clk 1:42:17]} gxf5
{[%clk 1:46:04]} 18. Bg5 {[%clk 1:35:01]} Qb6 {[%clk 1:40:21]} 19. Qh3
{[%clk 1:31:42]} g6 {[%clk 1:30:14]} 20. Rad1 {[%clk 1:22:02]} d4
{[%clk 1:24:44]} 21. f3 {[%clk 1:14:29]} Nd5 {[%clk 1:17:02]} 22. Rfe1
{[%clk 1:01:42]} Bg7 {[%clk 1:13:26]} 23. f4 {[%clk 0:57:16]} e4 {[%clk 1:08:19]}
24. Rxe4 {[%clk 0:55:03]} Rh8 {[%clk 1:04:51]} 25. Qd3 {[%clk 0:49:16]} fxe4
{[%clk 1:04:22]} 26. Qxe4 {[%clk 0:49:05]} Qe6 {[%clk 1:03:48]} 0-1

[Event "HSG Open 2018"]
[Site "Hilversum"]
[Date "2018.06.24"]
[Round "6.11"]
[White "Lanchava, Tea"]
[Black "De Boer, Bas"]
[Result "1-0"]
[BlackElo "2137"]
[WhiteElo "2297"]
[LiveChessVersion "1.4.8"]

1. c4 {[%clk 1:49:08]} c6 {[%clk 1:50:13]} 2. b3 {[%clk 1:48:45]} d5
{[%clk 1:49:44]} 3. e3 {[%clk 1:47:03]} Bf5 {[%clk 1:49:36]} 4. Bb2
{[%clk 1:46:45]} e6 {[%clk 1:49:28]} 5. Nf3 {[%clk 1:46:27]} h6 {[%clk 1:47:28]}
6. Be2 {[%clk 1:46:24]} Nf6 {[%clk 1:47:20]} 7. O-O {[%clk 1:46:27]} Bd6
{[%clk 1:46:34]} 8. d3 {[%clk 1:45:06]} O-O {[%clk 1:43:57]} 9. Nbd2
{[%clk 1:45:11]} Bh7 {[%clk 1:40:33]} 10. e4 {[%clk 1:42:56]} dxe4
{[%clk 1:39:51]} 11. dxe4 {[%clk 1:41:15]} Bb4 {[%clk 1:36:13]} 12. Qc2
{[%clk 1:39:30]} Nbd7 {[%clk 1:33:09]} 13. a3 {[%clk 1:38:24]} Be7
{[%clk 1:27:39]} 14. b4 {[%clk 1:38:03]} a5 {[%clk 1:26:08]} 15. Bc3
{[%clk 1:37:44]} axb4 {[%clk 1:25:40]} 16. axb4 {[%clk 1:37:46]} Qc7
{[%clk 1:25:43]} 17. Qb2 {[%clk 1:33:43]} Rfd8 {[%clk 1:23:17]} 18. Rxa8
{[%clk 1:31:57]} Rxa8 {[%clk 1:23:21]} 19. Bd3 {[%clk 1:31:11]} Ne8
{[%clk 1:19:40]} 20. Bb1 {[%clk 1:30:32]} c5 {[%clk 1:15:58]} 21. b5
{[%clk 1:28:24]} Nb6 {[%clk 1:15:49]} 22. e5 {[%clk 1:28:01]} Bxb1
{[%clk 1:14:41]} 23. Qxb1 {[%clk 1:28:03]} Ra4 {[%clk 1:11:27]} 24. Qd3
{[%clk 1:15:42]} Qd8 {[%clk 1:09:51]} 25. Qe4 {[%clk 1:12:49]} Nd5
{[%clk 1:06:45]} 26. Bb2 {[%clk 1:10:00]} Qa8 {[%clk 1:02:48]} 27. Ne1
{[%clk 1:08:44]} Ra2 {[%clk 0:59:52]} 28. cxd5 {[%clk 1:06:17]} Rxb2
{[%clk 0:59:50]} 29. dxe6 {[%clk 1:00:23]} fxe6 {[%clk 0:58:12]} 30. Nc4
{[%clk 0:59:29]} Rxb5 {[%clk 0:56:04]} 31. Nd3 {[%clk 0:59:26]} Qd8
{[%clk 0:52:56]} 32. Qg6 {[%clk 0:58:21]} Nc7 {[%clk 0:50:37]} 33. Nf4
{[%clk 0:56:28]} Qe8 {[%clk 0:48:06]} 34. Qg3 {[%clk 0:53:18]} Rb4
{[%clk 0:46:39]} 35. Nd6 {[%clk 0:50:18]} Bxd6 {[%clk 0:46:21]} 36. exd6
{[%clk 0:50:21]} Nd5 {[%clk 0:46:24]} 37. Nxd5 {[%clk 0:45:25]} exd5
{[%clk 0:46:22]} 38. f3 {[%clk 0:44:25]} Rc4 {[%clk 0:39:16]} 39. h3
{[%clk 0:41:37]} g5 {[%clk 0:36:52]} 40. Re1 {[%clk 0:39:55]} Qd8
{[%clk 0:36:12]} 41. Qe5 {[%clk 0:38:59]} 1-0

[Event "HSG Open 2018"]
[Site "Hilversum"]
[Date "2018.06.24"]
[Round "6.12"]
[White "Van Baar, Esper"]
[Black "Becx, Cesar"]
[Result "1/2-1/2"]
[BlackElo "2102"]
[WhiteElo "2253"]
[LiveChessVersion "1.4.8"]

1. e4 {[%clk 1:50:16]} e5 {[%clk 1:50:11]} 2. Nf3 {[%clk 1:50:21]} Nc6
{[%clk 1:49:41]} 3. d4 {[%clk 1:50:26]} exd4 {[%clk 1:49:10]} 4. Nxd4
{[%clk 1:48:51]} Nf6 {[%clk 1:47:29]} 5. Nxc6 {[%clk 1:48:49]} bxc6
{[%clk 1:47:35]} 6. Qe2 {[%clk 1:48:44]} Bb4+ {[%clk 1:44:35]} 7. Bd2
{[%clk 1:45:03]} Qe7 {[%clk 1:33:55]} 8. a3 {[%clk 1:42:20]} Bd6 {[%clk 1:24:45]}
9. Nc3 {[%clk 1:38:14]} Be5 {[%clk 1:18:20]} 10. O-O-O {[%clk 1:29:16]} O-O
{[%clk 1:10:22]} 11. f3 {[%clk 1:23:12]} Rb8 {[%clk 1:07:00]} 12. g4
{[%clk 1:16:51]} Rb6 {[%clk 0:58:42]} 13. g5 {[%clk 0:48:23]} Nh5
{[%clk 0:58:23]} 14. Be3 {[%clk 0:38:25]} Ba6 {[%clk 0:51:45]} 15. Qd2
{[%clk 0:37:22]} Bxf1 {[%clk 0:40:06]} 16. Rhxf1 {[%clk 0:35:02]} Rxb2
{[%clk 0:36:46]} 17. Kxb2 {[%clk 0:30:50]} Rb8+ {[%clk 0:36:51]} 18. Ka2
{[%clk 0:30:45]} Qe6+ {[%clk 0:36:46]} 19. Ka1 {[%clk 0:27:50]} Qe7
{[%clk 0:35:14]} 20. Ka2 {[%clk 0:23:44]} Qe6+ {[%clk 0:35:11]} 21. Ka1
{[%clk 0:19:14]} Qe7 {[%clk 0:35:12]} 22. Ka2 1/2-1/2